UBT Library

Nunn's applied respiratory physiology / (Record no. 47329)

000 -LEADER
fixed length control field 00903cam a2200265 a 4500
001 - CONTROL NUMBER
control field 4415613
005 - DATE AND TIME OF LATEST TRANSACTION
control field 20180827040358.0
008 - FIXED-LENGTH DATA ELEMENTS--GENERAL INFORMATION
fixed length control field 930719s1993 enka b 001 0 eng c
010 ## - LIBRARY OF CONGRESS CONTROL NUMBER
LC control number 93028473
020 ## - INTERNATIONAL STANDARD BOOK NUMBER
International Standard Book Number 075061336X :
Terms of availability £49.50
040 ## - CATALOGING SOURCE
Original cataloging agency DNLM/DLC
Transcribing agency DLC
Modifying agency DLC
041 ## - LANGUAGE CODE
Language code of text/sound track or separate title eng
060 00 - NATIONAL LIBRARY OF MEDICINE CALL NUMBER
Classification number WF 102 N972a 1993
080 ## - UNIVERSAL DECIMAL CLASSIFICATION NUMBER
Universal Decimal Classification number 612.202
082 00 - DEWEY DECIMAL CLASSIFICATION NUMBER
Classification number 612.202
Edition number 20
100 1# - Rafti
Rafti 9
101 ## - Shkurtesa
Shkurtesa FIZI
240 10 - UNIFORM TITLE
Uniform title <a href="Applied respiratory physiology">Applied respiratory physiology</a>
245 10 - TITLE STATEMENT
Title Nunn's applied respiratory physiology /
Statement of responsibility, etc J.F. Nunn ; foreword by John W. Severinghaus.
504 ## - BIBLIOGRAPHY, ETC. NOTE
Bibliography, etc Includes bibliographical references (p. 594-643) and index.
740 0# - ADDED ENTRY--UNCONTROLLED RELATED/ANALYTICAL TITLE
Uncontrolled related/analytical title Applied respiratory physiology.
906 ## - LOCAL DATA ELEMENT F, LDF (RLIN)
a 7
b cbc
c orignew
d 1
e ocip
f 19
g y-gencatlg
942 ## - ADDED ENTRY ELEMENTS (KOHA)
Source of classification or shelving scheme
Item type Books
Holdings
Withdrawn status Lost status Source of classification or shelving scheme Damaged status Not for loan Collection code Permanent location Current location Shelving location Date acquired Total Checkouts Full call number Barcode Date last seen Price effective from Koha item type
          Koleksioni i përgjithshem UBT - Lipjan UBT - Lipjan Koleksioni i përgjithshem 08/27/2018   612.202 NUN 002-3011488 08/27/2018 08/27/2018 Books
UBT Library © 2015-2024. All rights reserved University Education for Business and Technology